| Record ID | ia:existentialistsc0000coll |
| Source | Internet Archive |
| Download MARC XML | https://archive.org/download/existentialistsc0000coll/existentialistsc0000coll_marc.xml |
| Download MARC binary | https://www.archive.org/download/existentialistsc0000coll/existentialistsc0000coll_meta.mrc |
LEADER: 00727cam 2200229 a 4500
001 0116301383307
008 770228r1977 ctu b 11 eng d
010 $a 77002918
020 $a0837195659
035 $a(Sirsi) AAK-7148
035 $a22728404.C..
040 $aOPET$beng
046 $aLC
050 0 $aB819$b.C6 1977
090 0 $aB 819 .C6 1977$bb
100 1 $aCollins, James Daniel.
245 14 $aThe existentialists :$ba critical study /$cby James Collins.
260 $aWestport, Conn. :$bGreenwood Press,$c1977, c1952.
300 $axi, 268 p. ;$c23 cm.
500 $aReprint of the ed. published by Regnery, Chicago.
504 $aIncludes bibliographical references (p. [251]-261) and index.
650 0 $aExistentialism.